Pretty Little Liars quiz - Statistics

General Stats
  • This quiz has been taken 2,476 times
    2,472 since last reset
  • The average score is 11 of 14
Answer Stats
Hint Answer % Correct
Cares alot about what she wears and looks like. Hanna
100%
She got lost for years and everyone thinks she is dead. Alison
99%
She loves swimming and wants to go to a good college for swimming. Emily
99%
Her and Hannah are best friends but people find out who she really is. Mona
99%
Has alot of mental breakdowns. Spencer
99%
Wants to be able to go out with a guy but its really hard to make it work. Aria
98%
He really loves Hannah. Caleb
98%
He has a secret life behind being a teacher. Ezra
98%
Everyone accused him of murder that he didnt do and now he is in love with one of the four pretty little liars. Toby
97%
She is blind and very suspicous Jenna
96%
He is the brother to the girl who is missing. Jason
93%
He died because he had to do with Allison's death. Wren
17%
She got accused of murder and got put in jail but then she got bailed out because she didnt do it. Ella
10%
All the four think something bad about her and think she has something to do with Allison's "death". Mellissa
6%
No matching quizzes found
Score Distribution
Percent of People with Each Score
Percentile by Number Answered
Your Score History
You have not taken this quiz since the last reset